000 00482nam a2200169 i 4500
001 96273
003 ES-MaACL
005 20230906181859.0
007 t|
008 050615s1927 sp ||||1| spa d
100 1 _aMagaña Visbal, Luis.
_975448
245 1 0 _aBaza histórica /
_cLuis Magaña Visbal.
260 _aBaza (Almeria) :
_b[s.n.],
_c1927 (
_eImp. La Providencia)
300 _a1 v. :
_bil. ;
_c19 cm.
651 4 _aBaza-
_xHistoria.
_9157691
852 _aES-MaACL
_jB-13102
999 _c96273
_d96273